Normal view MARC view

Entry Corporate Name

Number of records used in: 5

001 - CONTROL NUMBER

  • control field: 9082

003 - CONTROL NUMBER IDENTIFIER

  • control field: DLC

005 - DATE AND TIME OF LATEST TRANSACTION

  • control field: 20220827110803.0

008 - FIXED-LENGTH DATA ELEMENTS

  • fixed length control field: 040716n| azannaabn |a ana

010 ## - LIBRARY OF CONGRESS CONTROL NUMBER

  • LC control number: no2004068146

035 ## - SYSTEM CONTROL NUMBER

  • System control number: (OCoLC)oca06395091

040 ## - CATALOGING SOURCE

  • Original cataloging agency: MCM
  • Language of cataloging: eng
  • Description conventions: rda
  • Transcribing agency: MCM
  • Modifying agency: DLC

110 2# - HEADING--CORPORATE NAME

  • Corporate name or jurisdiction name as entry element: Kerala Council for Historical Research

410 2# - SEE FROM TRACING--CORPORATE NAME

  • Corporate name or jurisdiction name as entry element: KCHR

410 2# - SEE FROM TRACING--CORPORATE NAME

  • Corporate name or jurisdiction name as entry element: Kēraḷa Caritr̲agavēṣaṇa Kauṇsil

510 1# - SEE ALSO FROM TRACING--CORPORATE NAME

  • Control subfield: a
  • Corporate name or jurisdiction name as entry element: Kerala (India).
  • Subordinate unit: Gazetteers Department

670 ## - SOURCE DATA FOUND

  • Source citation: Kerala state gazetteer, 1986-<1999>:
  • Information found: v. 4, pt. 2, t.p. (Kerala State Gazetteers Department) label on t.p. verso (Kerala Gazetteers department transformed into Kerala Council for Historical Research (KCHR) as per G.O. (MS) No. 16/2001/CAD dated 15/03/2001, a society registered under the Travancore Cochin Literary, Scientific, and Charitable Societies Registration Act, XII of 1955, with effect from 17th March, 2001)

670 ## - SOURCE DATA FOUND

  • Source citation: Vāṇiyaṅkulaṃ pañcāyatt vijñānīyaṃ, 2001:
  • Information found: v. 1, t.p. (Kēraḷa Caritr̲agavēṣaṇa Kauṇsil)

Powered by Koha